| 000 | 00592nam a2200229 a 4500 | ||
|---|---|---|---|
| 999 |
_c12216 _d12216 |
||
| 001 | 12216 | ||
| 003 | BD-JhCC | ||
| 005 | 20210420120453.0 | ||
| 008 | 210420b2007 nyua|||| ||a| 000 0 eng d | ||
| 020 | _a9781416563617 | ||
| 035 | _a(BD-JhCC)12216 | ||
| 040 |
_aBD-JhCC _dBD-JhCC |
||
| 041 | _aeng | ||
| 082 |
_a158 _bASS 2007 |
||
| 100 | _aAssaraf, John | ||
| 245 |
_aHaving It All / _cAssaraf John . |
||
| 260 |
_aNew York: _bAtria; _c2007. |
||
| 300 |
_a217 p. : _bill; _c20 cm. |
||
| 650 |
_aSuccess _xSelf-actualization (Psychology) _zHappiness |
||
| 942 |
_2ddc _cBK |
||